ՀՀ Գիտությունների ազգային ակադեմիայի հիմնարար գիտական գրադարան  =   Fundamental Scientific Library of NAS RA

Средневековый идеалист : (Record no. 330216)

MARC details
000 -LEADER
fixed length control field 00640nam a2200181 a 4500
001 - CONTROL NUMBER
control field 000997678
003 - CONTROL NUMBER IDENTIFIER
control field AM-YeHGA
005 - DATE AND TIME OF LATEST TRANSACTION
control field 20250617150412.0
008 - FIXED-LENGTH DATA ELEMENTS--GENERAL INFORMATION
fixed length control field 131225s1902 ||| r 000 0 rus d
040 ## - CATALOGING SOURCE
Original cataloging agency AM-YeHGA
041 0# - LANGUAGE CODE
Language code of text/sound track or separate title rus
090 ## - LOCALLY ASSIGNED LC-TYPE CALL NUMBER (OCLC); LOCAL CALL NUMBER (RLIN)
-- 331974
100 1# - MAIN ENTRY--PERSONAL NAME
Personal name Моравский, С.П.
245 10 - TITLE STATEMENT
Title Средневековый идеалист :
Remainder of title (Людовик IX Святой) /
Statement of responsibility, etc. Пед. о-во, сост. при Имп. Моск. Ун-те; Сост. С.П. Моравский.
260 ## - PUBLICATION, DISTRIBUTION, ETC.
Place of publication, distribution, etc. Москва :
Name of publisher, distributor, etc. Т-во И.Д. Сытина,
Date of publication, distribution, etc. 1902.
300 ## - PHYSICAL DESCRIPTION
Extent 56 с. :
Other physical details ил.
653 0# - INDEX TERM--UNCONTROLLED
Uncontrolled term Франция - История
Holdings
Withdrawn status Lost status Source of classification or shelving scheme Damaged status Not for loan Collection Home library Current library Date acquired Total checkouts Full call number Barcode Date last seen Price effective from Koha item type Public note
    Universal Decimal Classification     General Fundamental Scientific Library Fundamental Scientific Library 09/01/2017   PII/483146 FL0277633 09/01/2017 09/01/2017 Գրքեր / Books 30 Days Loan


ՀՀ ԳԱԱ հիմնարար գիտական գրադարան
ՀՀ,Երևան 0019
Մարշալ Բաղրամյան 24/6
հեռախոս:(374-10) 52-47-50
Հետադարձ կապ

All site content, except where otherwise noted, is licensed under a
Creative Commons License